000 01012nam a22002657a 4500
005 20110317111513.0
008 110317t xxu||||| |||| 00| 0 eng d
010 _aENG-102153
020 _a9788125942412
_c295.00
035 _aEN-85686
037 _bDBAD/PUB
040 _adpl
_bEng
082 _a621.395
100 1 _926630
_aSalivahanan, S.
245 1 0 _aDigital logic circuits /
_cby S. Salivahanan [and] S. Arivazhagan
260 _aNoida
_bVikas Publishing House
_c2011
270 _aE-28, Sector-8
_bNoida
_e201301
300 _axiv,506p. :
_c24cm (pbk)
_bill.
490 _aVikas -student series
_926648
650 0 _926631
700 _926636
_aArivazhagan, S.
942 _2ddc
_cEN
_mSAL
_h621.395
999 _c51112
_d51112